| 000 | 00431nam a2200169Ia 4500 | ||
|---|---|---|---|
| 008 | 221030s9999 xx 000 0 und d | ||
| 020 | _a8177585908 | ||
| 041 | _aEnglish | ||
| 082 |
_a105.23 _bAlf |
||
| 100 | _aA. V. Aho | ||
| 245 | 0 |
_aCompilers : Principles, Techniques & Tools _cby A. V. Aho, R. Sethi |
|
| 260 |
_bPearson Education _aDelhi _c2006 |
||
| 300 | _a780 | ||
| 650 | _aComputers | ||
| 700 | _aR. Sethi | ||
| 942 | _cBK | ||
| 999 |
_c2591 _d2591 |
||